00262nam a2200109 a 450000500170000000800410001705000270005810000190008524500140010444000210011865000130013920140414132055.0100520s19uu xx 00 eng d aREF 759.9492bB78 2000 aBernard, Bruce aVan Gogh. aEyewitness books aVan Gogh